ENGINEERING PHYSICS (Record no. 216414)

MARC details
000 -LEADER
fixed length control field 00408nam a22001577a 4500
008 - FIXED-LENGTH DATA ELEMENTS--GENERAL INFORMATION
fixed length control field 260106b |||||||| |||| 00| 0 eng d
020 ## - INTERNATIONAL STANDARD BOOK NUMBER
International Standard Book Number 978-81-203-3916-3
100 ## - MAIN ENTRY--PERSONAL NAME
Personal name ARULDHAS, G.
245 ## - TITLE STATEMENT
Title ENGINEERING PHYSICS
260 ## - PUBLICATION, DISTRIBUTION, ETC.
Place of publication, distribution, etc. DELHI
Name of publisher, distributor, etc. PHI LEARNING PRIVATE
Date of publication, distribution, etc. 2025
300 ## - PHYSICAL DESCRIPTION
Extent XVIII, 389P.
500 ## - GENERAL NOTE
General note INCLUDES INDEX
650 ## - SUBJECT ADDED ENTRY
Topical term or geographic name entry element PHYSICS - TEXTBOOKS
942 ## - ADDED ENTRY ELEMENTS (KOHA)
Source of classification or shelving scheme Library of Congress Classification
Koha item type Long Loan Book
Holdings
Withdrawn status Lost status Source of classification or shelving scheme Damaged status Not for loan Collection Home library Current library Shelving location Date acquired Inventory number Total checkouts Full call number Barcode Date last seen Copy number Price effective from Koha item type
    Library of Congress Classification     Science & Technology Kisii University Library Kisii University Library On Display 01/06/2026 110662   QC 23 .A78 2025 000000024789 01/06/2026 C.1 01/06/2026 Long Loan Book
    Library of Congress Classification     Science & Technology Kisii University Library Kisii University Library On Display 01/06/2026 110663   QC 23 .A78 2025 000000024790 01/06/2026 C.2 01/06/2026 Long Loan Book
    Library of Congress Classification     Science & Technology Kisii University Library Kisii University Library On Display 01/06/2026 110664   QC 23 .A78 2025 000000024791 01/06/2026 C.3 01/06/2026 Long Loan Book
    Library of Congress Classification     Science & Technology Kisii University Library Kisii University Library On Display 01/06/2026 110665   QC 23 .A78 2025 000000024257 01/06/2026 C.4 01/06/2026 Long Loan Book